| 000 | 00767nam a2200241Ia 4500 | ||
|---|---|---|---|
| 001 | dia_4275 | ||
| 003 | CHAP | ||
| 005 | 20251029162616.0 | ||
| 008 | 220117s1987 xx 000 0 und d | ||
| 010 | _a174923 | ||
| 040 |
_cCHAP _amxchpua |
||
| 090 | _aFOLLETO 2801 | ||
| 100 |
_aViscaino Guardado, Arturo _9155765 |
||
| 245 |
_aBlanco 86 variedad de sorgo para el estado de Colima / _c Arturo Viscaino Guardado |
||
| 260 |
_aMéxico : _b SARH, Instituto nacional de investigaciones forestales y agropecuarias, _c1987 |
||
| 300 | _a11 p. | ||
| 500 | _aD. (Folleto para productores, 10) | ||
| 650 |
_aSorgo _9108622 |
||
| 901 | _aFOLLETO 2801 | ||
| 902 | _aM | ||
| 905 | _a0000001987 mx 0000000000spa00 | ||
| 942 |
_cFOLL _2local |
||
| 999 |
_c174923 _d174923 |
||